000 00547nam a2200145Ia 4500
008 100204s9999 xx 000 0 und d
082 _b27208
100 _aजाखोटिया गिरीश प.
245 _aएका मारवाडयाची गोष्ट
260 _b"रम्यकथा प्रकाशन , पुणे"
_c2006
300 _a257
630 _aएका मारवाडयाची गोष्ट
730 _aएका मारवाडयाची गोष्ट
942 _cBOOK
999 _c472384
_d472381